| 000 | 01043nam a22003017a 4500 | ||
|---|---|---|---|
| 003 | CHAP | ||
| 005 | 20220329134935.0 | ||
| 008 | 971013s1980 r 10010 d | ||
| 010 | _a28413 | ||
| 011 | _a29385 | ||
| 035 | _a33496 | ||
| 040 | _cCHAP | ||
| 082 |
_a583.32 _bC6 |
||
| 111 | 0 | 0 |
_aConsultans Group Discussion on the Resistance to Soil-Borne Diseases of Legumes ( _d1979 _c: Patancheru) _927412 |
| 245 | _aProceeding | ||
| 260 |
_aAndhra Pradesh, India : _bInternational Crops Research Institute for the Semi-Arid Tropics, _c1980 |
||
| 300 | _a167 p. | ||
| 590 |
_aBATCH-UPD _b10 _c20130110 _lUCH01 _h0307 |
||
| 590 |
_aBATCH-UPD _b10 _c20130110 _lUCH01 _h2326 |
||
| 590 |
_aBATCH-UPD _b10 _c20130410 _lUCH01 _h1615 |
||
| 590 |
_aBATCH-UPD _b10 _c20130914 _lUCH01 _h1037 |
||
| 590 |
_aCONVERSION _b10 _c20130109 _lUCH01 _h1316 |
||
| 650 | 1 | 4 |
_aLeguminosas _xEnfermedades. _965821 |
| 650 | 1 | 4 |
_aSuelos y fitopatología. _9110577 |
| 901 | _aBK | ||
| 942 | _cLIBRO | ||
| 949 |
_a583.32 C6 _bBC _cLIBRO _d33724000454922 _eLIBRO _h57719 _i33496 _mD _si |
||
| 999 |
_c28413 _d28413 |
||